000 00590nam a2200205Ia 4500
003 GCL
008 140319s9999 xx 000 0 ara d
020 _a7415402977
040 _aGCL /
_cGCL
082 0 4 _a810.8
_bم ر
100 1 _aمصطفى محمود
245 1 0 _aرجل تحت الصفر /
_cمصطفى محمود
250 _aالسابعة
260 _aالقاهرة :
_bدار المعارف ،
_c1993
300 _a98 ص ؛
_c18 سم
650 0 4 _aالادب العربى
650 0 4 _aالادب - مجموعات
650 0 4 _aمصطفى محمود
942 _2ddc
_cBK
999 _c4704
_d4704